Privatization (Record no. 54708)

MARC details
000 -LEADER
fixed length control field 00581nam a2200181 a 4500
008 - FIXED-LENGTH DATA ELEMENTS--GENERAL INFORMATION
fixed length control field 120416s1987 ||||||||||||||||| || u
020 ## - INTERNATIONAL STANDARD BOOK NUMBER
International Standard Book Number 0934540686
050 ## - LIBRARY OF CONGRESS CALL NUMBER
Classification number HD 3850 Sav
100 ## - MAIN ENTRY--PERSONAL NAME
Personal name Savas, E. S
245 10 - TITLE STATEMENT
Title Privatization
246 ## - VARYING FORM OF TITLE
Title proper/short title the key to better government
260 ## - PUBLICATION, DISTRIBUTION, ETC.
Place of publication, distribution, etc. Chatham, N. J.
Name of publisher, distributor, etc. Chatham
Date of publication, distribution, etc. 1987
300 ## - PHYSICAL DESCRIPTION
Extent xi, 308p. : ill.
350 ## - PRICE (NR) (BK AM CF MU VM SE) [OBSOLETE]
Price 0.00
650 #0 - SUBJECT ADDED ENTRY--TOPICAL TERM
Topical term or geographic name entry element PRIVATIZATION
650 ## - SUBJECT ADDED ENTRY--TOPICAL TERM
Topical term or geographic name entry element INDUSTRY
995 ## - RECOMMENDATION 995 [LOCAL, UNIMARC FRANCE]
-- 0.00
-- CBU-MAIN LIBRARY (Kitwe)
-- 1
-- 19.95
-- AVAILABLE
-- Main Library Open Access Collection
Holdings
Withdrawn status Lost status Source of classification or shelving scheme Damaged status Not for loan Home library Current library Shelving location Date acquired Total Checkouts Full call number Barcode Date last seen Price effective from Koha item type
          CBU-MAIN LIBRARY, KITWE. CBU-MAIN LIBRARY, KITWE.   11/30/2022   HD 3850 Sav 004166 11/30/2022 11/30/2022 MONOGRAPH